5HLuxD.jpg

KING HENRY VIII SENIOR AND PRIMARY SCHOOL LIBRARY OPAC

Diary of a wimpy kid : (Record no. 2191)

000 -LEADER
fixed length control field 00849cam a2200289M 4500
001 - CONTROL NUMBER
control field 00263628
003 - CONTROL NUMBER IDENTIFIER
control field OCoLC
005 - DATE AND TIME OF LATEST TRANSACTION
control field 20230502094420.0
008 - FIXED-LENGTH DATA ELEMENTS--GENERAL INFORMATION
fixed length control field 140908s2014 nyua 000 1 eng
020 ## - INTERNATIONAL STANDARD BOOK NUMBER
International Standard Book Number 9781419711893
Qualifying information (hbk., 2014)
035 ## - SYSTEM CONTROL NUMBER
System control number UM053898
035 ## - SYSTEM CONTROL NUMBER
System control number (OCoLC)890462968
040 ## - CATALOGING SOURCE
Original cataloging agency NTPU
Transcribing agency std
Modifying agency KH8
042 ## - AUTHENTICATION CODE
Authentication code nbic
082 0# - DEWEY DECIMAL CLASSIFICATION NUMBER
Classification number FIC KIN
100 1# - MAIN ENTRY--PERSONAL NAME
Personal name Kinney, Jeff.
Relator term author
245 10 - TITLE STATEMENT
Title Diary of a wimpy kid :
Remainder of title the long haul /
Statement of responsibility, etc. Jeff Kinney.
250 ## - EDITION STATEMENT
Edition statement International ed.
260 ## - PUBLICATION, DISTRIBUTION, ETC.
Place of publication, distribution, etc. New York :
Name of publisher, distributor, etc. Amulet Books ;
Date of publication, distribution, etc. c2014.
300 ## - PHYSICAL DESCRIPTION
Extent 217 p. :
Other physical details ill. ;
Dimensions 20 cm.
490 0# - SERIES STATEMENT
Series statement Diary of a wimpy kid ;
Volume/sequential designation 9.
500 ## - GENERAL NOTE
General note This international edition published in 2015.
521 ## - TARGET AUDIENCE NOTE
Target audience note For primary school age.
650 #0 - SUBJECT ADDED ENTRY--TOPICAL TERM
Topical term or geographic name entry element Families
Form subdivision Juvenile fiction.
650 #0 - SUBJECT ADDED ENTRY--TOPICAL TERM
Topical term or geographic name entry element Diary fiction
Form subdivision Juvenile fiction.
942 ## - ADDED ENTRY ELEMENTS (KOHA)
Source of classification or shelving scheme
Koha item type Books - Fiction
Holdings
Withdrawn status Lost status Source of classification or shelving scheme Damaged status Not for loan Collection code Permanent Location Current Location Shelving location Date acquired Total Checkouts Full call number Barcode Date due Date last seen Date last checked out Price effective from Koha item type
          Fiction KH8 Primary School Library KH8 Primary School Library Fiction 2023-03-24 38 FIC KIN KHPL000003928 2026-04-21 2026-04-13 2026-04-13 2023-03-24 Books - Fiction

Powered By KH8 IT Dept